LEADER 00939nam0-22003371i-450- 001 990007987540403321 005 20101005120527.0 010 $a88-420-6699-0 035 $a000798754 035 $aFED01000798754 035 $a(Aleph)000798754FED01 035 $a000798754 100 $a20050119d2002----km-y0itay50------ba 101 0 $aita 102 $aIT 105 $ay-------001yy 200 1 $a<>inquisizione nell'Italia moderna$fGiovanni Romeo 205 $a1. ed. 210 $aRoma ; Bari$cLaterza$dc2002 215 $a149 p.$d18 cm 225 1 $aBiblioteca essenziale Laterza$v48 610 0 $aInquisizione$aItalia$aSec. 16.-18. 676 $a272.20945 700 1$aRomeo,$bGiovanni$f<1949- >$0174425 801 0$aIT$bUNINA$gRICA$2UNIMARC 901 $aBK 912 $a990007987540403321 952 $aCSTST4A$b16549$fDECBC 959 $aDECBC 996 $aInquisizione nell'Italia moderna$9752266 997 $aUNINA LEADER 01325nam--2200409---450- 001 990001004510203316 005 20090706143614.0 010 $a88-217-1512-4 035 $a0100451 035 $aUSA010100451 035 $a(ALEPH)000100451USA01 035 $a0100451 100 $a20020228d2001----km-y0itay0103----ba 101 0 $aita 102 $aIT 105 $ay|||z|||001yy 200 1 $a<> libertà di stabilimento e la società tra avvocati$eD.Lgs. febbraio 2001, n. 96$fRemo Danovi, Stefano Bastianon, Giuseppe Colaviti 210 $a[Milanofiori, Assago]$cIpsoa$dcopyr. 2001 215 $aXV, 249 p.$d24 cm 410 0$12001 606 $aAvvocati$xLegislazione 606 $aSocietà di professionisti 676 $a346.45066 700 1$aDANOVI,$bRemo$0146563 701 1$aBASTIANON,$bStefano$0241163 701 1$aCOLAVITTI,$bGiuseppe$0478102 801 0$aIT$bsalbc$gISBD 912 $a990001004510203316 951 $aXXIII.4.D 50 (IG VIII 12 IT 558)$b31426 G.$cIG VIII$d00078039 959 $aBK 969 $agiu 979 $aCHIARA$b90$c20020228$lUSA01$h1207 979 $c20020403$lUSA01$h1742 979 $aPATRY$b90$c20040406$lUSA01$h1709 979 $aRSIAV4$b90$c20090706$lUSA01$h1436 996 $aLibertà di stabilimento e la società tra avvocati$9974616 997 $aUNISA